Humedal Ramsar laguna de la Cocha : (Registro nro. 7892)

Detalles MARC
000 -CABECERA
Campo de control 00601nmm a22001937a 4500
005 - FECHA Y HORA DE LA ULTIMA TRANSACCION
Campo de control 20140320162944.0
008 - ELEMENTOS DE LONGITUD FIJA—INFORMACION GENERAL
Campo de control 131125b2008 ck ||||| |||| 00| 0 spa d
041 ## - IDIOMA
Código de idioma para texto/pista de sonido o título separado Español
044 ## - PAÍS DE PUBLICACIÓN
País de publicación Colombia
090 ## - CLASIFICACIÓN LOCAL
Colección LB
Consecutivo 05765
110 ## - ASIENTO PRINCIPAL--NOMBRE CORPORATIVO
Nombre corporativo o de jurisdicción como elemento de entrada Corponariño
245 ## - MENCION DE TITULO
Título Humedal Ramsar laguna de la Cocha :
Parte restante del título Plan de manejo integral
260 ## - PUBLICACION, DISTRIBUCION, ETC. (PIE DE IMPRENTA)
Lugar de publicación, distribución, etc. San Juan de Pasto
Nombre del editor, distribuidor, etc. Corponariño
Fecha de publicación, distribución, etc. 2008
300 ## - DESCRIPCION FISICA
Extensión 390
Otros detalles físicos il., (col), tablas, graficos
Dimensiones 13 cm
504 ## - NOTA DE BIBLIOGRAFIA, ETC.
Nota de bibliografía Incluye bibliografía
505 ## - NOTA DE CONTENIDO
Nota de contenido Incluye contenido
710 ## - ASIENTO SECUNDARIO - NOMBRE CORPORATIVO
Nombre corporativo o de jurisdicción como elemento de entrada Ministerio de ambiente vivienda y desarrollo territorial
942 ## - ELEMENTOS ADICIONALES (KOHA)
Sistema de clasificación Local
Tipo de ítem CD-ROM
Existencias
Withdrawn status Lost status Sistema de Clasificación Damaged status No para préstamo Colección Ubicación Permanente Ubicación actual Fecha de adquisición Total Checkouts Número topográfico Inventario / Código de Barras Date last seen Ejemplar Price effective from Forma de adquisición Tipo de material
    Local     Audiovisual Bogotá Bogotá 25/11/2013   LB-05765 058556 25/11/2013 Ej. 1 25/11/2013   CD-ROM